<?xml version="1.0" encoding="UTF-8"?>
<record
    xmlns:xsi="http://www.w3.org/2001/XMLSchema-instance"
    xsi:schemaLocation="http://www.loc.gov/MARC21/slim http://www.loc.gov/standards/marcxml/schema/MARC21slim.xsd"
    xmlns="http://www.loc.gov/MARC21/slim">

  <leader>03862nam a2200289 a 4500</leader>
  <controlfield tag="003">OSt</controlfield>
  <controlfield tag="005">20251112142802.0</controlfield>
  <controlfield tag="007">cr ||||||||c|a</controlfield>
  <controlfield tag="008">230531s2019    mx a|||fom||| 001 0 spa d</controlfield>
  <datafield tag="040" ind1=" " ind2=" ">
    <subfield code="e">rda</subfield>
  </datafield>
  <datafield tag="100" ind1="1" ind2=" ">
    <subfield code="9">187271</subfield>
    <subfield code="a">S&#xE1;nchez Ant&#xFA;nez, Dar&#xED;o</subfield>
  </datafield>
  <datafield tag="245" ind1="1" ind2="0">
    <subfield code="a">Evaluaci&#xF3;n de ensilado de maguey (Agave asperrima J.) y nopal (Opuntia spp) seco fermetado /</subfield>
    <subfield code="c">por Dar&#xED;o S&#xE1;nchez Ant&#xFA;nez; director de tesis Miguel &#xC1;ngel Mata Espinosa.</subfield>
  </datafield>
  <datafield tag="264" ind1=" " ind2=" ">
    <subfield code="a">Durango, M&#xE9;xico :</subfield>
    <subfield code="b">El autor,</subfield>
    <subfield code="c">2019.</subfield>
  </datafield>
  <datafield tag="300" ind1=" " ind2=" ">
    <subfield code="a">1 recurso en l&#xED;nea (75 p&#xE1;ginas):</subfield>
    <subfield code="b">cuadros, figuras.</subfield>
  </datafield>
  <datafield tag="336" ind1=" " ind2=" ">
    <subfield code="2">rdacontent</subfield>
    <subfield code="a">texto</subfield>
    <subfield code="b">txt</subfield>
  </datafield>
  <datafield tag="337" ind1=" " ind2=" ">
    <subfield code="2">rdamedia</subfield>
    <subfield code="a">computadora</subfield>
    <subfield code="b">c</subfield>
  </datafield>
  <datafield tag="338" ind1=" " ind2=" ">
    <subfield code="2">rdacarrier</subfield>
    <subfield code="a">recurso en l&#xED;nea</subfield>
    <subfield code="b">cr</subfield>
  </datafield>
  <datafield tag="502" ind1=" " ind2=" ">
    <subfield code="b">ISP</subfield>
    <subfield code="c">URUZA</subfield>
    <subfield code="d">2019.</subfield>
  </datafield>
  <datafield tag="504" ind1=" " ind2=" ">
    <subfield code="a">Incluye referencias bibliogr&#xE1;ficas: p&#xE1;ginas 55-63.</subfield>
  </datafield>
  <datafield tag="520" ind1=" " ind2=" ">
    <subfield code="a">Con el objetivo de evaluar el comportamiento, contenido nutritivo y composici&#xF3;n qu&#xED;mica de ensilado de maguey (Agave asperrima J.) con inclusi&#xF3;n de nopal (Opuntia spp) seco fermentado, se llev&#xF3; a cabo el presente estudio en el Ejido Roma Texas, Mapim&#xED;, Durango. Se seleccion&#xF3; al azar una magueyera natural y dentro de la misma a individuos que estuvieran pr&#xF3;ximos a desarrollar el escapo floral, se les cort&#xF3; las pencas y el cogollo, despu&#xE9;s se picaron en part&#xED;culas de aproximadamente 1.5 a 2 cm2. El nopal seco fermentado se obtuvo mediante la mezcla de Opuntia molido e inoculado con Sacharomyces cereviceae (1 %) y una fuente de nutrientes (urea al 2 % y bisulfito de sodio 0.02 %) en un biorreactor (Nopafer- Registro No. 2641 IMPI). Los tratamientos consistieron en T1: Agave picado + nopal seco fermentado (10 % de inclusi&#xF3;n); T2: Agave picado + nopal seco fermentado (20 % de inclusi&#xF3;n); T3: Agave picado + nopal seco fermentado (30 % de inclusi&#xF3;n). Se elaboraron ensilados y despu&#xE9;s de la fermentaci&#xF3;n se les determin&#xF3; pH, materia seca (MS, %), densidad de materia verde (kg m-3), materia seca (kg m-3), el contenido de prote&#xED;na total (PT, %), fibra detergente acido (FDA, %), fibra detergente neutro (FDN, %), carbohidratos no fibrosos (CNF, %), nutrientes digestibles totales (NDT, %), energ&#xED;a neta para lactancia (ENl, Mcal kg-1 MS), energ&#xED;a neta para mantenimiento (ENm, Mcal kg-1 MS), energ&#xED;a neta para ganancia (ENg, Mcal kg-1 MS), energ&#xED;a metabolizable (EM, Mcal kg-1 MS), valor relativo de forraje (VRF) y cenizas (%). Los datos se analizaron estad&#xED;sticamente utilizando el programa SAS&#xAE; y se realiz&#xF3; un an&#xE1;lisis de varianza, utilizando un dise&#xF1;o completamente al azar con 3 tratamientos y 5 repeticiones. La prueba de medias fue realizada con el procedimiento de Tukey con un nivel de significancia de &#x3B1;= 0.05. Los resultados indican que, al aumentar la inclusi&#xF3;n de seco fermentado en el ensilado, incrementa el contenido de MS (23.20 a 27.88 %), disminuye la densidad de MV (910.9 a 898.2 kg m-3), incrementa la densidad de MS (214.2 a 258.9 kg m-3) y PT (10.6 a 12.8 %). Sin embargo, no se encontr&#xF3; una tendencia marcada en algunas variables como el pH (3.7 a 4.0), FDN (23.9 a 25.6 %), FDA (24.06 a 23.07 %), CNF (48.69 a 43.13 %), NDT (63.53 a 61.22 %), EM (2.28 a 2.25 Mcal kg-1 MS), ENl (1.41 a 1.39 Mcal kg-1 MS), ENm (1.45 a 1.41 Mcal kg-1 MS), ENg (0.86 a 0.83 Mcal kg-1 MS), VRF (273.66 a 254.99). El contenido de cenizas aumento de 15.83 (T1) a 17.40 (T3). De acuerdo con los resultados obtenidos en el presente estudio, se concluye que es factible elaborar ensilados Agave picado con nopal seco fermentado a un 30 % de inclusi&#xF3;n.</subfield>
  </datafield>
  <datafield tag="650" ind1=" " ind2="4">
    <subfield code="9">132693</subfield>
    <subfield code="a">Agave como forraje</subfield>
    <subfield code="x">Valor nutritivo</subfield>
  </datafield>
  <datafield tag="650" ind1=" " ind2="4">
    <subfield code="9">81712</subfield>
    <subfield code="a">Nopal como forraje</subfield>
  </datafield>
  <datafield tag="650" ind1=" " ind2="4">
    <subfield code="9">81702</subfield>
    <subfield code="a">Nopal</subfield>
    <subfield code="x">Valor nutritivo</subfield>
  </datafield>
  <datafield tag="700" ind1="1" ind2=" ">
    <subfield code="9">72862</subfield>
    <subfield code="a">Mata Espinosa, Miguel Angel</subfield>
    <subfield code="e">director.</subfield>
  </datafield>
  <datafield tag="856" ind1=" " ind2=" ">
    <subfield code="u">http://10.13.5.2/tesis/tl/Sanchez_Antunez_Dario.pdf</subfield>
    <subfield code="z">DESCARGAR PDF</subfield>
  </datafield>
  <datafield tag="942" ind1=" " ind2=" ">
    <subfield code="2">Clasificaci&#xF3;n Universidad Aut&#xF3;noma Chapingo</subfield>
    <subfield code="c">TD</subfield>
  </datafield>
  <datafield tag="999" ind1=" " ind2=" ">
    <subfield code="c">218871</subfield>
    <subfield code="d">218871</subfield>
  </datafield>
  <datafield tag="952" ind1=" " ind2=" ">
    <subfield code="0">0</subfield>
    <subfield code="1">0</subfield>
    <subfield code="2">local</subfield>
    <subfield code="4">0</subfield>
    <subfield code="5">1</subfield>
    <subfield code="7">0</subfield>
    <subfield code="8">TesDigL</subfield>
    <subfield code="a">BD</subfield>
    <subfield code="b">BD</subfield>
    <subfield code="c">E_L</subfield>
    <subfield code="d">2023-05-31</subfield>
    <subfield code="l">0</subfield>
    <subfield code="o">Tesis digital</subfield>
    <subfield code="r">2023-05-31 00:00:00</subfield>
    <subfield code="w">2023-05-31</subfield>
    <subfield code="y">TD</subfield>
  </datafield>
</record>
